logo

Bir Sreshtho Munshi Abdur Rouf Library
Jhenaidah Cadet College

পথে প্রবাসে / (Record no. 315)

MARC details
000 -LEADER
fixed length control field 00781nam a2200229 4500
001 - CONTROL NUMBER
JCCL Control Number 315
003 - CONTROL NUMBER IDENTIFIER
JCCL marc code BD-JhCC
005 - DATE AND TIME OF LATEST TRANSACTION
control field 20171015174855.0
008 - FIXED-LENGTH DATA ELEMENTS--GENERAL INFORMATION
fixed length control field 171003s1421 b |||| |||| 000 0 ben d
020 ## - INTERNATIONAL STANDARD BOOK NUMBER
International Standard Book Number 8172931581
035 ## - SYSTEM CONTROL NUMBER
system control number (BD-JhCC) 315
040 ## - CATALOGING SOURCE
Original cataloging agency BD-JhCC
Modifying agency BD-JhCC
041 ## - LANGUAGE CODE
Language code of Book ben
082 ## - DEWEY DECIMAL CLASSIFICATION NUMBER
Classification number 891.4409
Author mark and Year ROY 1421
100 ## - MAIN ENTRY--PERSONAL NAME
Personal name রায়, অন্নদাশঙ্কর
245 ## - TITLE STATEMENT
Title পথে প্রবাসে /
Statement of responsibility, etc অন্নদাশঙ্কর রায়
260 ## - PUBLICATION, DISTRIBUTION, ETC. (IMPRINT)
Place of publication, distribution, etc কলকাতা :
Name of publisher, distributor, etc মিত্র ও ঘোষ পাবলিশার্স প্রা: লি:;
Date of publication, distribution, etc ১৩৮০
300 ## - PHYSICAL DESCRIPTION
Pagination ১২৮ পৃ.;
Dimensions ২২ সে. মি.
650 ## - SUBJECT ADDED ENTRY--TOPICAL TERM
Topical term or geographic name as entry element Bengali Novel
942 ## - ADDED ENTRY ELEMENTS (KOHA)
Source of classification or shelving scheme Dewey Decimal Classification
Koha item type Books
Holdings
Source of classification or shelving scheme Damaged status Not for loan Home library Current library Shelving location Date of accession Source of acquisition Cost, normal purchase price Total Checkouts Full call number Barcode Date last seen Date checked out Copy number Koha item type
Dewey Decimal Classification     JCC Rouf Library JCC Rouf Library General Stacks 10/03/2017 IPDC 75.00 1 891.4409 ROY 1421 1485 07/25/2024 07/04/2024 C-1 Books

JCC Library | Contacts | JCC Home

Last Update on 23 September 2017
Copyright @ 2017-2020 JCC Rouf Library
Rouf Library, Jhenidah Cadet College (JCC), Bangladesh